[Event "Isola d'Elba op 29th"]
[Site "Capoliveri "]
[Date "2011.05.13"]
[Round "8"]
[White "Simeone, Giulio"]
[Black "De Zaiacomo, Tonino"]
[Result "1-0"]
[WhiteElo "1869"]
[BlackElo "1715"]
[PlyCount "79"]
[EventDate "2011.05.07"]
[EventType "swiss"]
[EventRounds "9"]
[EventCountry "ITA"]
[SourceTitle "EXT 2014"]
[Source "ChessBase"]
[SourceDate "2013.11.20"]
[SourceVersion "1"]
[SourceVersionDate "2013.11.20"]
[SourceQuality "1"]

1. c4 Nf6 2. Nc3 e6 3. e4 d6 4. d4 Be7 5. Bd3 Nbd7 6. Qe2 0-0 7. e5 dxe5 8. dxe5 Ne8 9. Bf4 f6 10. Nf3 fxe5 11. Bxe5 Nxe5 12. Nxe5 Bc5 13. 0-0 Nd6 14. Qh5 Nf5 15. Rad1 Qe7 16. Be4 c6 17. Rd3 g6 18. Qe2 Qg7 19. Nf3 a5 20. Rfd1 Bb6 21. R3d2 h5 22. Bc2 Qf6 23. Ne4 Qe7 24. Ne5 Nh4 25. c5 Bc7 26. Nd6 Qg5 27. f3 b6 28. cxb6 Bxb6+ 29. Kh1 Ba6 30. Qe4 Rf4 31. Qxc6 Raf8 32. Qxb6 Qxe5 33. Qxa6 Qg5 34. Ne4 Rxe4 35. Bxe4 Qe5 36. Qd6 Qf6 37. Qd4 Qg5 38. Rc2 Kh7 39. Rc7+ Kh6 40. Qg7# 1-0

[Event "Isola d'Elba op 29th"]
[Site "Capoliveri "]
[Date "2011.05.10"]
[Round "4"]
[White "Albanesi, Roberto"]
[Black "De Zaiacomo, Tonino"]
[Result "1-0"]
[WhiteElo "1980"]
[BlackElo "1715"]
[PlyCount "161"]
[EventDate "2011.05.07"]
[EventType "swiss"]
[EventRounds "9"]
[EventCountry "ITA"]
[SourceTitle "EXT 2014"]
[Source "ChessBase"]
[SourceDate "2013.11.20"]
[SourceVersion "1"]
[SourceVersionDate "2013.11.20"]
[SourceQuality "1"]

1. e4 e5 2. Nf3 Nc6 3. Bb5 a6 4. Ba4 Nf6 5. 0-0 b5 6. Bb3 Be7 7. Re1 d6 8. c3 0-0 9. d4 Bg4 10. Be3 Na5 11. Bc2 Nc4 12. Bc1 c5 13. b3 Na5 14. dxe5 Bxf3 15. Qxf3 dxe5 16. Be3 Qc7 17. Nd2 Rad8 18. Nf1 g6 19. Ng3 Kh8 20. Rad1 Nc6 21. Bxc5 Ng8 22. Rxd8 Nxd8 23. Bxe7 Qxe7 24. Nf1 Ne6 25. Ne3 Ng5 26. Qg3 f6 27. Nd5 Qg7 28. h4 Ne6 29. Qe3 g5 30. Qh3 g4 31. Qg3 h5 32. Qe3 Qh7 33. g3 Ng7 34. Qb6 Qh6 35. Rd1 f5 36. Qxh6+ Nxh6 37. Ne7 Kh7 38. Rd5 f4 39. Rxe5 f3 40. Nd5 Nf7 41. Re7 Kh8 42. Kf1 Nd8 43. Nf4 Rf6 44. Ke1 Nc6 45. Rxg7 Rxf4 46. Rg5 Rf7 47. Rxh5+ Kg7 48. Rg5+ Kh6 49. Rxg4 Ne5 50. Rg5 Re7 51. Rf5 Kg6 52. Kd2 Rd7+ 53. Ke3 Ng4+ 54. Kxf3 Nxf2 55. Rd5 Rf7+ 56. Ke2 Nh1 57. e5+ Kg7 58. g4 Rf2+ 59. Kd3 Rf3+ 60. Kd4 Nf2 61. Bf5 Nxg4 62. Bxg4 Rf4+ 63. Kc5 Rxg4 64. Kb6 Rg6+ 65. Rd6 Rg3 66. Kxa6 Rxc3 67. Kxb5 Re3 68. Rd5 Kf7 69. b4 Ke6 70. Rc5 Ra3 71. Rc2 Kxe5 72. Rh2 Kd5 73. h5 Ra8 74. h6 Rb8+ 75. Ka5 Kc6 76. Ka4 Kd5 77. Kb3 Rh8 78. h7 Ke6 79. a4 Kf6 80. b5 Kg7 81. a5 1-0

[Event "Isola d'Elba op 29th"]
[Site "Capoliveri "]
[Date "2011.05.10"]
[Round "5"]
[White "De Zaiacomo, Tonino"]
[Black "Kopischke, Maik"]
[Result "1/2-1/2"]
[WhiteElo "1715"]
[BlackElo "1890"]
[PlyCount "187"]
[EventDate "2011.05.07"]
[EventType "swiss"]
[EventRounds "9"]
[EventCountry "ITA"]
[SourceTitle "EXT 2014"]
[Source "ChessBase"]
[SourceDate "2013.11.20"]
[SourceVersion "1"]
[SourceVersionDate "2013.11.20"]
[SourceQuality "1"]

1. d4 Nf6 2. c4 c5 3. e3 g6 4. Nc3 Bg7 5. Nf3 0-0 6. Bd2 cxd4 7. exd4 d5 8. Rc1 Nc6 9. cxd5 Nxd5 10. Nxd5 Qxd5 11. Bc4 Qe4+ 12. Be3 Bg4 13. Bd3 Qd5 14. Bc4 Qa5+ 15. Bd2 Qh5 16. Be2 Rfd8 17. Rc5 Rd5 18. Rxd5 Qxd5 19. Bc3 Qxa2 20. 0-0 Qd5 21. b3 e6 22. h3 Bxf3 23. Bxf3 Qd7 24. Qa1 Nxd4 25. Qd1 Nxf3+ 26. Qxf3 Bxc3 27. Qxc3 Qc8 28. Qa1 a6 29. Rd1 Qc6 30. Qb2 Qc7 31. Qf6 b5 32. b4 Re8 33. Qa1 Qb6 34. Qf6 Qa7 35. Kh2 Qe7 36. Qb2 Rd8 37. Rc1 Qd6+ 38. Kg1 e5 39. Re1 f6 40. Qa2+ Kg7 41. Rf1 h5 42. Ra1 Ra8 43. Qa3 g5 44. Qf3 Ra7 45. Qxh5 Qxb4 46. Rd1 Qe7 47. Rc1 Qf7 48. Qf3 a5 49. g4 b4 50. Rb1 Qb7 51. Qg3 a4 52. h4 gxh4 53. Qxh4 Qe4 54. Rd1 Qh7 55. Qg3 Qg6 56. Rd8 a3 57. Qh3 Qh7 58. Qe3 Rb7 59. Qc5 a2 60. Qf8+ Kg6 61. Ra8 Ra7 62. Qe8+ Kg5 63. Rxa7 Qb1+ 64. Kh2 Kxg4 65. Qd7+ Kf3 66. Qd5+ Kf4 67. Qd2+ Kf5 68. Rxa2 e4 69. Ra5+ Kg6 70. Qe2 f5 71. Ra6+ Kg5 72. Qe3+ f4 73. Qc5+ Kg4 74. Rg6+ Kf3 75. Qh5+ Kxf2 76. Rg2+ Ke3 77. Qc5+ Kd3 78. Qd5+ Kc3 79. Qe5+ Kb3 80. Qxf4 Qe1 81. Qf7+ Kc3 82. Rg3+ Kd4 83. Qd7+ Kc5 84. Rg5+ Kc4 85. Qc6+ Kb3 86. Rg3+ Kb2 87. Rg2+ Ka3 88. Qa6+ Kb3 89. Qa2+ Kc3 90. Rg3+ e3 91. Qd5 Qf2+ 92. Rg2 Qh4+ 93. Kg1 Qe1+ 94. Kh2 1/2-1/2

[Event "ITA-ch Seniors 31st"]
[Site "Arvier"]
[Date "2009.04.24"]
[Round "1"]
[White "De Zaiacomo, Tonino"]
[Black "Rosino, Antonio"]
[Result "0-1"]
[WhiteElo "1787"]
[BlackElo "2258"]
[PlyCount "62"]
[EventDate "2009.04.24"]
[EventType "swiss"]
[EventRounds "9"]
[EventCountry "ITA"]
[SourceTitle "EXT 2011"]
[Source "ChessBase"]
[SourceDate "2010.11.26"]
[SourceVersion "1"]
[SourceVersionDate "2010.11.26"]
[SourceQuality "1"]

1. d4 Nf6 2. c4 g6 3. Nc3 d5 4. Nf3 Bg7 5. Bg5 Ne4 6. cxd5 Nxg5 7. Nxg5 e6 8. h4 exd5 9. Rc1 0-0 10. e3 c5 11. dxc5 d4 12. exd4 Nc6 13. Nxf7 Rxf7 14. Bc4 Qe7+ 15. Ne2 Nxd4 16. Bxf7+ Kxf7 17. b4 Bg4 18. f3 Re8 19. fxg4 Qxe2+ 20. Qxe2 Nxe2 21. Kd2 Nxc1 22. Rxc1 Re4 23. c6 bxc6 24. Rxc6 Rxb4 25. Rc7+ Kg8 26. Rxa7 Rxg4 27. Ra8+ Bf8 28. a4 Rxg2+ 29. Ke3 Rh2 30. a5 Rxh4 31. a6 Ra4 0-1